01926nam a2200385Ia 4500001000800000003000500008005001700013008004100030010001100071020003400082040000900116082002700125100003000152245010600182260003500288300001900323500006500342503007400407504003300481590001900514650005900533650003800592650005100630650003400681700003600715901002700751902000600778905006300784942001500847999001900862952015700881952020001038952014501238952015701383dia_137CHAP20221208114509.0220117s1996 xx 000 0 und d a170569 a970-15-0171-3 \ 968-6062-88-2 cCHAP a658.562015195 D86 1996 aDuncan, Acheson J.934460 aControl de calidad y estadística industrial /c Acheson J. Duncan ; traducción Juan Naves Ruíz aMéxico :b Alfaomega,c1996 axxiii, 1084 p. aTítulo original: Quality control and industrial statistics aI.178626 (ej.1) \ I.188968 (ej.2) \ I.200562 (ej.3) \ I.200561 (ej.4) aBibliografía: p. 1029-1064 aTS156 D86 1996 aControl de calidadxMétodos estadísticos 9147134 aMuestro (Estadística) 9147329 aQuality controlxStatistical methods 9147330 aSampling (Statistics)9147321 aNavez Ruíz, Juan, tr.9147331 a658.562015195 D86 1996 aM a5232271996 mx mn 8222223322spa16 cLIBRO2ddc c170569d170569 00102ddc40708GRALaIA_bIA_d2022-01-18f1l3o658.562015195 D86 1996pdia_004705q2025-06-28r2024-09-02 14:44:29s2024-09-02t4w2022-01-18yLIBRO 00102ddc4051708GRALaIA_bIA_d1995-10-03eCompra Librería Patena F. 860 / R. (03/10/1995)g160.00i178626l3o658.562015195 D86 1996pdia_004020r2024-02-27 00:00:00s2024-02-27t1yLIBRO 00102ddc40708GRALaIA_bIA_d2022-01-18f1l6o658.562015195 D86 1996pdia_004284r2026-02-27 18:04:08s2026-02-27t2w2022-01-18yLIBRO 00102ddc40708GRALaIA_bIA_d2022-01-18f1l2o658.562015195 D86 1996pdia_004704q2025-06-27r2024-09-02 14:45:35s2024-09-02t3w2022-01-18yLIBRO